| 000 | 00660nam a22002177a 4500 | ||
|---|---|---|---|
| 003 | OSt | ||
| 005 | 20251024014738.0 | ||
| 008 | 251010b |||||||| |||| 00| 0 eng d | ||
| 020 | _a0-7668-4593-1. | ||
| 040 |
_aDWCL-Main lib _cOC |
||
| 082 | _aCirc. 647.94071 J39t 2003 | ||
| 100 | _aJaszay, Christine | ||
| 245 | _aTraining design for the hospitality industry | ||
| 260 |
_aN. Y. : _bDelmar Learning, _cc2003. |
||
| 300 |
_ax, 206 pages ; _c23 cm. |
||
| 504 | _aIncludes index. | ||
| 650 | _21. Hospitality industry-Employees-Training. | ||
| 650 | _22. Hospitality industry-Study and teaching. | ||
| 700 | _aDunk, Paul | ||
| 942 |
_2ddc _cBK-CIRC _kCirc. _n0 |
||
| 999 |
_c4834 _d4834 |
||